Milan Metro Stations - Statistics

Statistiche generali
  • Questo quiz è stato fatto 63 volte
  • Il punteggio medio è 73 su 135
Statistiche sulle risposte
Risposta % Corretto
Duomo
100%
Cadorna FN
92%
Porta Venezia
88%
Cairoli
83%
Bisceglie
79%
Cordusio
79%
Lotto
79%
San Babila
79%
Conciliazione
75%
Garibaldi FS
75%
Loreto
75%
Pagano
75%
Sant'Ambrogio
75%
Wagner
75%
Centrale FS
71%
Lambrate FS
71%
Lampugnano
71%
Porta Genova FS
71%
Sant'Agostino
71%
Sesto 1° Maggio FS
71%
Zara
71%
Gorla
67%
Lanza
67%
Moscova
67%
Palestro
67%
QT8
67%
Romolo
67%
San Donato
67%
San Siro Stadio
67%
Udine
67%
Uruguay
67%
Famagosta
63%
Gioia
63%
Lima
63%
Porta Romana
63%
Rogoredo FS
63%
Turro
63%
Amendola
58%
Assago Milanofiori Forum
58%
Bande Nere
58%
Cascina Gobba
58%
Cologno Centro
58%
Cologno Nord
58%
Cologno Sud
58%
Comasina
58%
Gerusalemme
58%
Montenapoleone
58%
Pasteur
58%
Precotto
58%
Repubblica
58%
San Siro Ippodromo
58%
Sesto Rondò
58%
Villa San Giovanni
58%
Affori FN
54%
Isola
54%
Missori
54%
Pero
54%
Segesta
54%
Sesto Marelli
54%
Tre Torri
54%
Turati
54%
Affori Centro
50%
Bicocca
50%
Buonarroti
50%
Caiazzo
50%
Crescenzago
50%
Crocetta
50%
Dateo
50%
De Angeli
50%
Gessate
50%
Gorgonzola
50%
Piazza Abbiategrasso
50%
Piola
50%
Porto di Mare
50%
Rho Fieramilano
50%
Rovereto
50%
San Cristoforo FS
50%
Stazione Forlanini
50%
Tricolore
50%
Argonne
46%
Assago Milanofiori Nord
46%
Bignami
46%
Bonola
46%
Cernusco sul Naviglio
46%
Corvetto
46%
Domodossola FN
46%
San Leonardo
46%
Susa
46%
Bolivar
42%
Cassina de' Pecchi
42%
Cenisio
42%
Cimiano
42%
Gambara
42%
Linate Aeroporto
42%
Lodi TIBB
42%
Marche
42%
Santa Sofia
42%
Brenta
38%
California
38%
Dergano
38%
Inganni
38%
Maciachini
38%
Molino Dorino
38%
Monumentale
38%
Portello
38%
Sforza Policlinico
38%
Sondrio
38%
Vetra
38%
Vimodrone
38%
Cascina Antonietta
33%
Istria
33%
Primaticcio
33%
Villa Pompea
33%
Bussero
29%
Ca' Granda
29%
Cascina Burrona
29%
De Amicis
29%
Frattini
29%
Gelsomini
29%
Ponale
29%
Tolstoj
29%
Villa Fiorita
29%
Coni Zugna
25%
Repetti
25%
Segneri
21%
Monza Bettola
17%
Sesto Restellone
8%
Nessun quiz corrispondente trovato
Distribuzione punteggi
Percentuale di utenti per punteggio
Percentile per numero di risposta
I tuoi punteggi nel tempo
Non hai fatto questo quiz